000 00665nam a22002297a 4500
003 OSt
005 20210421083023.0
008 201218s1956 ||||| |||| 00| 0 eng d
040 _aeng
_beng
_cDLC
_deng
041 _aeng
080 _a616.8
_bC-67
100 _9549
_aCogan, G. David
245 _aNeurology of the Ocular Muscles
_c/ by: Charles C. Thomas Publisher
250 _a2nd edition
260 _aSpringfield
_bCharles C. Thomas Publisher
_c1956
300 _a297 p.
_bill.
650 0 _9100
_aNeurology
650 0 _9251
_aOphthalmology
653 _aნევროლოგია
653 _aოფთალმოლოგია
942 _2udc
_cBK
_e2
999 _c720
_d720